Guess the Empires Flag (Easy) - Statistics

General Stats
  • This quiz has been taken 31 times
  • The average score is 5 of 11
Answer Stats
Picture Answer % Correct
British empire
69%
Spanish Empire
69%
Russian empire
62%
German empire
54%
Qing dynasty
54%
Mongol empire
46%
Empire of Brazil
38%
First French Empire
23%
Japan empire
23%
Kingdom of Italy
19%
First Mexican empire
15%
No matching quizzes found
Score Distribution
Percent of People with Each Score
Percentile by Number Answered
Your Score History
You have not taken this quiz